All Capital Cities from West to East - Statistics

General Stats
  • This quiz has been taken 1,798 times
  • The average score is 117 of 196
Answer Stats
Lat Change Population Country Initial Initial Capital City % Correct
*** U W Washington
88%
*** G G Guatemala City
87%
**** E Q Quito
87%
*** E S San Salvador
87%
↑↑↑ *** J K Kingston
86%
↑↑↑ ***** M M Mexico City
86%
** S A Apia
85%
**** V C Caracas
85%
**** C H Havana
84%
↓↓↓↓↓ **** P L Lima
84%
↑↑ *** C O Ottawa
84%
*** P P Panama
84%
↓↓↓↓ **** C B Bogota
83%
**** H P Port-au-Prince
83%
*** C S San Jose
83%
↓↓↓↓↓ **** C S Santiago
83%
** B B Belmopan
82%
**** U M Montevideo
82%
** T N Nuku'alofa
82%
*** H T Tegucigalpa
82%
↓↓↓↓ ***** A B Buenos Aires
81%
*** N M Managua
81%
↑↑ *** B N Nassau
81%
↑↑↑ *** P L Lisbon
80%
↓↓↓ **** P A Asuncion
79%
**** B B Brussels
79%
**** I D Dublin
79%
↑↑↑↑ **** U L London
79%
↑↑↑ **** F P Paris
79%
↑↑↑↑↑ **** D S Santo Domingo
79%
*** N A Amsterdam
78%
↓↓ **** B B Brasilia
78%
↑↑↑↑ *** G G Georgetown
78%
** L L Luxembourg
78%
↑↑↑ **** S M Madrid
78%
** T P Port-of-Spain
78%
↑↑↑↑ *** I R Reykjavik
78%
**** I R Roma
77%
↓↓ *** B S Sucre
77%
V V Vatican City
77%
↑↑ *** N O Oslo
76%
** A S Saint John's
76%
↑↑↑ ** A A Andorra la Vella
75%
** B B Bridgetown
75%
** S K Kingstown
75%
↑↑↑↑ *** S P Paramaribo
75%
** D R Roseau
75%
**** D C Copenhagen
74%
↓↓↓↓ **** S D Dakar
74%
*** S F Freetown
74%
↑↑ **** M R Rabat
74%
↑↑↑ **** A A Algiers
73%
↑↑↑ ** S B Basseterre
73%
*** G B Bissau
73%
** S C Castries
73%
↑↑↑↑ ** M M Monaco
73%
*** L M Monrovia
73%
↓↓ *** N N Niamey
73%
* G S Saint George's
73%
*** T T Tunis
73%
↑↑↑↑↑↑ **** G B Berlin
72%
*** S B Bern
72%
**** G C Conakry
72%
↑↑↑↑ * S S San Marino
72%
↑↑↑↑ * L V Vaduz
72%
**** A V Vienna
72%
↑↑↑↑↑ *** C Z Zagreb
72%
**** G A Accra
71%
*** M N Nouakchott
71%
↓↓ **** B O Ouagadougou
71%
↓↓ **** M B Bamako
70%
** G B Banjul
70%
↑↑↑ *** C P Praia
70%
**** P W Warsaw
70%
↓↓↓↓↓ **** C Y Yaounde
70%
↓↓↓ *** N A Abuja
69%
↑↑↑↑ **** H B Budapest
69%
↓↓↓↓ *** T L Lome
69%
**** C P Prague
69%
↓↓↓↓ *** C Y Yamoussoukro
69%
↓↓ **** L T Tripoli
68%
*** G A Athens
67%
*** F H Helsinki
67%
**** S S Stockholm
67%
↓↓↓↓↓↓↓ *** N W Windhoek
67%
*** S L Ljubljana
66%
*** E M Malabo
66%
*** K P Pristina
66%
*** L R Riga
66%
* M V Valletta
66%
*** L V Vilnius
66%
↑↑↑↑↑↑↑ *** S B Bratislava
65%
↓↓↓↓ **** A L Luanda
65%
↓↓↓↓ *** B P Porto-Novo
65%
↓↓↓↓ ** S S Sao Tome
65%
*** E T Tallinn
65%
*** A T Tirana
65%
**** D K Kinshasa
64%
*** G L Libreville
64%
**** B S Sofia
64%
**** S B Belgrade
63%
↓↓↓↓↓↓ **** Z H Harare
63%
*** M P Podgorica
63%
**** R B Brazzaville
62%
↑↑↑↑↑↑ **** R B Bucharest
62%
↑↑↑↑↑ **** U K Kiev
62%
**** Z L Lusaka
62%
*** B S Sarajevo
62%
↓↓ *** C N N'Djamena
61%
*** M S Skopje
61%
↑↑↑↑↑ **** E C Cairo
59%
↑↑↑↑ *** I J Jerusalem
58%
*** R K Kigali
57%
↑↑↑↑↑↑↑↑ **** B M Minsk
57%
↑↑↑ **** J A Amman
56%
↓↓↓↓↓↓↓ *** B G Gaborone
56%
**** L B Beirut
55%
↑↑↑↑↑↑ **** T A Ankara
54%
↓↓↓ *** C B Bangui
54%
**** S K Khartoum
54%
↓↓↓ **** K N Nairobi
54%
↓↓↓↓↓↓↓ **** S P Pretoria
54%
**** I B Baghdad
53%
↑↑↑↑↑↑ *** M C Chisinau
53%
↓↓ *** S J Juba
53%
**** U K Kampala
53%
↑↑ **** Y S Sanaa
53%
↓↓↓↓ **** E A Addis Ababa
52%
**** S D Damascus
52%
*** D D Djibouti
51%
*** E A Asmara
50%
↓↓↓↓↓ *** B B Bujumbura
50%
↓↓ **** M M Maputo
50%
↓↓↓↓↓↓↓ *** L M Maseru
50%
**** A Y Yerevan
50%
↑↑↑↑↑ ***** R M Moscow
49%
*** C N Nicosia
49%
*** Q D Doha
48%
*** U A Abu Dhabi
47%
↓↓↓↓ *** T D Dodoma
47%
**** G T Tbilisi
47%
**** I T Tehran
47%
↑↑↑↑ ** K K Kuwait City
46%
*** O M Muscat
45%
↑↑ **** S R Riyadh
45%
**** A B Baku
44%
*** P I Islamabad
44%
*** I N New Delhi
44%
** S M Mbabane
43%
**** A K Kabul
42%
↓↓↓↓ *** M L Lilongwe
42%
*** B M Manama
42%
**** T B Bangkok
41%
**** V H Hanoi
41%
*** K A Astana
40%
↓↓ **** I J Jakarta
40%
↑↑ **** N K Kathmandu
40%
**** M K Kuala Lumpur
40%
↓↓ *** M M Male
40%
↓↓ ** C M Moroni
40%
**** U T Tashkent
40%
↓↓↓↓ **** M A Antananarivo
39%
*** T D Dushanbe
39%
↓↓↓ **** S M Mogadishu
39%
**** S S Singapore
39%
↓↓ ** S V Victoria
39%
↑↑↑↑↑ *** T A Ashgabat
38%
↑↑↑ *** K B Bishkek
38%
***** B D Dhaka
38%
** B T Thimphu
38%
*** L V Vientiane
37%
↓↓ *** S C Colombo
36%
*** M P Port Louis
36%
↑↑↑ **** C B Beijing
35%
**** C P Phnom Penh
35%
↓↓ *** A C Canberra
34%
↓↓ ***** P M Manila
34%
*** B N Nay Pyi Taw
34%
↑↑ **** J T Tokyo
34%
**** T T Taipei
33%
↓↓↓↓ *** N W Wellington
33%
↓↓↓ *** E D Dili
32%
↑↑↑↑ **** N P Pyongyang
32%
***** S S Seoul
32%
* T F Funafuti
31%
↑↑↑↑↑ *** M U Ulaanbaatar
31%
↓↓↓↓ *** P P Port Moresby
29%
* N Y Yaren
29%
↓↓↓↓ ** B B Bandar Seri Begawan
28%
** S H Honiara
27%
** V P Port-Vila
27%
↑↑ ** F S Suva
27%
** K T Tarawa
26%
↑↑ ** M M Majuro
24%
↑↑↑↑ ??? F P Palikir
24%
↓↓↓ ??? P M Melekeok
18%
No matching quizzes found
Score Distribution
Percent of People with Each Score
Percentile by Number Answered
Your Score History
You have not taken this quiz